| 000 | 00000nam##2200000za#4500 |
| 001 | 9.575126 |
| 003 | CaOODSP |
| 005 | 20210624184520 |
| 007 | cr ||||||||||| |
| 008 | 150406|2009||||xxc|||||o f|0| 0 eng|d |
| 022 | |a1488-5379 |
| 040 | |aCaOODSP|beng |
| 043 | |an-cn--- |
| 086 | 1 |aFs97-6/2842E-PDF |
| 110 | 1 |aCanada. |bDepartment of Fisheries and Oceans. |
| 245 | 10|aStatus of anadromous Dolly Varden char (Salvelinus malma) of the Rat River, Northwest Territories, as assessed through mark-recapture and live-sampling at the spawning and overwintering site (1995-2007) / |h[electronic resource]|cby S. Sandstrom, L. Harwood, and K. Howland. |
| 260 | |aYellowknife - Northwest Territories : |bFisheries and Oceans Canada |cc2009. |
| 300 | |a74p.|bfigs., references, tables |
| 490 | 1 |aCanadian technical report of fisheries and aquatic sciences|x1488-5379|vNo. 2842 |
| 500 | |aThe catalogue number and ISSN for the print edition appear in this electronic version. |
| 590 | |a12-38-Supp|b2012-09-27 |
| 720 | 1 |aSandstrom, S. |
| 720 | 1 |aHowland, K. L. |
| 720 | 1 |aHarwood, L. |
| 830 | #0|aCanadian technical report of fisheries and aquatic sciences,|x1488-5379|vNo. 2842|w(CaOODSP)9.504449 |
| 856 | 40|ahttp://publications.gc.ca|qPDF|s3226 KB|uhttps://publications.gc.ca/collections/collection_2012/mpo-dfo/Fs97-6-2842-eng.pdf|yNo. 2842 |